| Tag |
First Indicator |
Second Indicator |
Subfields |
| LEADER |
00000cam a2200000 a 4500 |
| 001 |
in00000090529 |
| 005 |
20151008063740.0 |
| 008 |
810921s1981 couabf b 00110 eng |
| 010 |
|
|
|a 80071079
|
| 020 |
|
|
|a 0865310807 :
|c $20.00
|
| 035 |
|
|
|a (OCoLC)07369020
|
| 035 |
|
|
|9 AAK2855AM
|
| 039 |
0 |
|
|a 2
|b 3
|c 3
|d 3
|e 3
|
| 040 |
|
|
|a DLC
|c DLC
|d TXA
|d UtOrBLW
|
| 043 |
|
|
|a a-af---
|
| 049 |
|
|
|a TXAM
|c [1361666]
|
| 050 |
0 |
0 |
|a DS351.5
|b .G74 1981
|
| 082 |
0 |
|
|a 958/.1042
|2 19
|
| 100 |
1 |
|
|a Griffiths, John Charles.
|
| 245 |
1 |
0 |
|a Afghanistan :
|b key to a continent /
|c John C. Griffiths.
|
| 264 |
|
1 |
|a Boulder, Colo. :
|b Westview Press,
|c 1981.
|
| 300 |
|
|
|a 225 pages, 8 unnumbered pages of plates :
|b illustrations, maps ;
|c 23 cm.
|
| 336 |
|
|
|a text
|b txt
|2 rdacontent
|
| 337 |
|
|
|a unmediated
|b n
|2 rdamedia
|
| 338 |
|
|
|a volume
|b nc
|2 rdacarrier
|
| 504 |
|
|
|a Includes bibliographical references and index.
|
| 651 |
|
0 |
|a Afghanistan.
|
| 999 |
|
|
|a MARS
|
| 999 |
f |
f |
|s f9d2275e-ddad-327f-bedd-d37c3fd85967
|i 1d8fec80-a2ff-30db-a878-91fd959c6be0
|t 0
|
| 952 |
f |
f |
|p normal
|a Texas A&M University
|b College Station
|c Sterling C. Evans Library
|d Evans: Library Stacks
|t 0
|e DS351.5 .G74 1981
|h Library of Congress classification
|i unmediated -- volume
|m A14806101225
|
| 998 |
f |
f |
|a DS351.5 .G74 1981
|t 0
|l Evans: Library Stacks
|